Základné nástroje a súčasné trendy personálneho manažmentu

Bibliographic Details
Main Author: Drábiková, Anna (Author)
Format: Book
Language:Slovak
PhysicalDescription:54 s. tab. 21 cm
Published: Bratislava Metodicko-pedagogické centrum 2008
ISBN:9788080522964
Edition:1. vyd.
Subjects:

MARC

LEADER 00000nam a2200000 a 4500
001 vtls009342903
003 SK-MaSNL
005 20260301125639.0
008 240315s2008 xo l d f 000 0 slo
015 |a SNBA2009/01-00246 
020 |a 9788080522964  |q (brož.) 
035 |a 639CF484-5C43-47E1-B2CF-8EF6996B0347 
035 |a urn:nbn:sk:snk-amk7wd 
035 |a urn:nbn:sk:snk-am008jpf 
040 |a SNK  |b slo  |c SNK  |e AACR2 
041 0 |a slo 
044 |a xo  |c SK 
072 7 |a 005  |x Manažment. Riadenie  |2 konspekt 
080 |a 005.95/.96  |2 2001 
080 |a (035)  |2 2001 
080 |a 005.96  |2 2001 
100 1 |a Drábiková, Anna  |4 aut  |9 449514 
245 1 0 |a Základné nástroje a súčasné trendy personálneho manažmentu  |c Anna Drábiková 
250 |a 1. vyd. 
260 |a Bratislava  |b Metodicko-pedagogické centrum  |c 2008 
300 |a 54 s.  |b tab.  |c 21 cm 
504 |a Bibliogr. odkazy 
650 0 7 |a personálny manažment  |2 SNKPH  |9 936 
650 0 7 |a manažment ľudských zdrojov  |2 SNKPH  |9 29115 
655 7 |a príručky  |2 SNKPH  |9 74364 
919 |a 978-80-8052-296-4 
958 |a NB 
958 |a OND 
968 |d 0 
999 |c 743039  |d 744969 
952 |a SNK  |b SNK  |y PREZ  |7 0  |p 17A0601036  |o snkSC 133224  |i snk2008/18621  |8 0  |0 0  |1 0  |4 0  |d 2008-10-06  |f 1  |l 0  |r 2025-06-24 00:00:00  |w 2026-02-23 
952 |a SNK  |b SNK  |y VYP  |7 0  |p 17A0601035  |o snkSC 133224 D1  |i snk2008/18626  |8 0  |0 0  |1 0  |4 0  |d 2008-10-06  |l 0  |r 2026-02-23 23:06:11  |w 2026-02-23